<?xml version="1.0" encoding="UTF-8"?>
<record
    xmlns:xsi="http://www.w3.org/2001/XMLSchema-instance"
    xsi:schemaLocation="http://www.loc.gov/MARC21/slim http://www.loc.gov/standards/marcxml/schema/MARC21slim.xsd"
    xmlns="http://www.loc.gov/MARC21/slim">

  <leader>01319cam a2200397   4500</leader>
  <datafield tag="999" ind1=" " ind2=" ">
    <subfield code="c">23245</subfield>
    <subfield code="d">23245</subfield>
  </datafield>
  <controlfield tag="001">vtls011893517</controlfield>
  <controlfield tag="005">20220428130420.0</controlfield>
  <controlfield tag="008">200507s2019    xo     gr     010 f slo  </controlfield>
  <datafield tag="020" ind1=" " ind2=" ">
    <subfield code="a">9788055168913</subfield>
    <subfield code="q">(viazan&#xE9;)</subfield>
  </datafield>
  <datafield tag="035" ind1=" " ind2=" ">
    <subfield code="a">urn:nbn:sk:snk-am00dyju</subfield>
  </datafield>
  <datafield tag="035" ind1=" " ind2=" ">
    <subfield code="a">urn:nbn:sk:snk-am3i9k0</subfield>
  </datafield>
  <datafield tag="035" ind1=" " ind2=" ">
    <subfield code="a">4C467BCA-6312-46F3-92BB-9CE6162BA049</subfield>
  </datafield>
  <datafield tag="040" ind1=" " ind2=" ">
    <subfield code="a">PPPK</subfield>
    <subfield code="b">slo</subfield>
    <subfield code="c">PPPK</subfield>
    <subfield code="d">SNK</subfield>
    <subfield code="e">rda</subfield>
  </datafield>
  <datafield tag="041" ind1="1" ind2=" ">
    <subfield code="a">slo</subfield>
    <subfield code="h">eng</subfield>
  </datafield>
  <datafield tag="044" ind1=" " ind2=" ">
    <subfield code="a">xo</subfield>
    <subfield code="c">SK</subfield>
  </datafield>
  <datafield tag="072" ind1=" " ind2="7">
    <subfield code="a">821.111-3</subfield>
    <subfield code="x">Anglick&#xE1; pr&#xF3;za, anglicky p&#xED;san&#xE1;</subfield>
    <subfield code="2">konspekt</subfield>
  </datafield>
  <datafield tag="080" ind1=" " ind2=" ">
    <subfield code="a">821.111-31</subfield>
    <subfield code="2">2011</subfield>
  </datafield>
  <datafield tag="080" ind1=" " ind2=" ">
    <subfield code="a">821-312.4</subfield>
    <subfield code="2">2011</subfield>
  </datafield>
  <datafield tag="100" ind1="1" ind2=" ">
    <subfield code="a">Forsyth, Frederick,</subfield>
    <subfield code="d">1938-</subfield>
    <subfield code="4">aut</subfield>
    <subfield code="9">1789</subfield>
  </datafield>
  <datafield tag="240" ind1="1" ind2="4">
    <subfield code="a">The fox</subfield>
    <subfield code="l">Slovensky</subfield>
  </datafield>
  <datafield tag="245" ind1="1" ind2="0">
    <subfield code="a">L&#xED;&#x161;ka</subfield>
    <subfield code="c">Frederick Forsyth ; prelo&#x17E;ila Elena Diamantov&#xE1;</subfield>
  </datafield>
  <datafield tag="264" ind1=" " ind2="1">
    <subfield code="a">Bratislava</subfield>
    <subfield code="b">Ikar</subfield>
    <subfield code="c">2019</subfield>
  </datafield>
  <datafield tag="300" ind1=" " ind2=" ">
    <subfield code="a">278 str&#xE1;n</subfield>
    <subfield code="c">21 cm</subfield>
  </datafield>
  <datafield tag="336" ind1=" " ind2=" ">
    <subfield code="a">text</subfield>
    <subfield code="b">txt</subfield>
    <subfield code="2">rdacontent</subfield>
  </datafield>
  <datafield tag="337" ind1=" " ind2=" ">
    <subfield code="a">bez m&#xE9;dia</subfield>
    <subfield code="b">n</subfield>
    <subfield code="2">rdamedia</subfield>
  </datafield>
  <datafield tag="338" ind1=" " ind2=" ">
    <subfield code="a">zv&#xE4;zok</subfield>
    <subfield code="b">nc</subfield>
    <subfield code="2">rdacarrier</subfield>
  </datafield>
  <datafield tag="500" ind1=" " ind2=" ">
    <subfield code="a">Prelo&#x17E;en&#xE9; z angli&#x10D;tiny</subfield>
  </datafield>
  <datafield tag="500" ind1=" " ind2=" ">
    <subfield code="a">Obsahuje biografick&#xE9; &#xFA;daje o autorovi na prebale publik&#xE1;cie</subfield>
  </datafield>
  <datafield tag="655" ind1=" " ind2="7">
    <subfield code="a">anglick&#xE9; rom&#xE1;ny</subfield>
    <subfield code="2">SNKPH</subfield>
    <subfield code="9">8</subfield>
  </datafield>
  <datafield tag="655" ind1=" " ind2="7">
    <subfield code="a">trilery (rom&#xE1;ny)</subfield>
    <subfield code="2">SNKPH</subfield>
    <subfield code="9">2135</subfield>
  </datafield>
  <datafield tag="655" ind1=" " ind2="7">
    <subfield code="a">English fiction</subfield>
    <subfield code="2">SNKPHeng</subfield>
    <subfield code="9">9</subfield>
  </datafield>
  <datafield tag="655" ind1=" " ind2="7">
    <subfield code="a">Thrillers (novels)</subfield>
    <subfield code="2">SNKPHeng</subfield>
    <subfield code="9">1722</subfield>
  </datafield>
  <datafield tag="700" ind1="1" ind2=" ">
    <subfield code="a">Diamantov&#xE1;, Elena,</subfield>
    <subfield code="d">1949-</subfield>
    <subfield code="4">trl</subfield>
    <subfield code="9">1489</subfield>
  </datafield>
  <datafield tag="958" ind1=" " ind2=" ">
    <subfield code="a">LX</subfield>
  </datafield>
  <datafield tag="958" ind1=" " ind2=" ">
    <subfield code="a">UP</subfield>
  </datafield>
  <datafield tag="952" ind1=" " ind2=" ">
    <subfield code="0">0</subfield>
    <subfield code="1">0</subfield>
    <subfield code="2">udc</subfield>
    <subfield code="4">0</subfield>
    <subfield code="7">0</subfield>
    <subfield code="8">K</subfield>
    <subfield code="a">10000</subfield>
    <subfield code="b">10000</subfield>
    <subfield code="d">2022-04-28</subfield>
    <subfield code="g">4.00</subfield>
    <subfield code="i">21577</subfield>
    <subfield code="l">6</subfield>
    <subfield code="m">2</subfield>
    <subfield code="o">B10464</subfield>
    <subfield code="p">B10464</subfield>
    <subfield code="r">2025-01-17</subfield>
    <subfield code="s">2025-01-17</subfield>
    <subfield code="w">2022-04-28</subfield>
    <subfield code="y">KLDO</subfield>
  </datafield>
</record>
